| 000 | 00740cam a22002651a 4500 | ||
|---|---|---|---|
| 999 |
_c6613 _d6613 |
||
| 001 | 6911486 | ||
| 003 | GBCCL | ||
| 005 | 20241126110607.0 | ||
| 008 | 810521s1940 nyu 000 0 eng | ||
| 010 | _a 40030834 | ||
| 035 | _a(OCoLC)7439277 | ||
| 040 |
_aDLC _cInAndC _dDLC |
||
| 042 | _apremarc | ||
| 050 | 0 | 0 |
_aBV3790 _b.B72 |
| 082 |
_a269.2 _bBRO |
||
| 100 | 1 |
_aBrower, Floyd V. _911825 |
|
| 245 | 1 | 0 |
_aGo ye therefore / _cFloyd V. Brower |
| 260 |
_aNew York : _bAbingdon-Cokesbury, _c1940. |
||
| 300 |
_a128 p. ; _c17 cm. |
||
| 650 | 0 |
_aEvangelistic work. _9290 |
|
| 650 | 0 |
_aRural missions _911826 |
|
| 700 | 1 |
_aBowen, Cawthon Asbury, _d1885- _911827 |
|
| 906 |
_a7 _bcbc _coclcrpl _du _encip _f19 _gy-gencatlg |
||
| 942 |
_2ddc _cBK _05 |
||